|
|
|
|
| LEADER |
01429nam a2200397 a 4500 |
| 001 |
000595978 |
| 003 |
CZ BrMZK |
| 005 |
20110907091042.0 |
| 007 |
ta |
| 008 |
020419s2002 xr b cze d |
| 015 |
|
|
|a cnb001120330
|
| 020 |
|
|
|a 80-7200-618-5
|
| 035 |
|
|
|a (OCoLC)51186705
|
| 040 |
|
|
|a BOA001
|b cze
|
| 072 |
|
7 |
|a 373.2/.3
|x Předškolní a primární výchova a vzdělávání
|2 Konspekt
|9 22
|
| 072 |
|
7 |
|a 0/9-053.2
|x Literatura pro děti a mládež (naučná)
|2 Konspekt
|9 26
|
| 080 |
|
|
|a 316.346.32-053.5
|2 MRF
|
| 080 |
|
|
|a 159.955
|2 MRF
|
| 080 |
|
|
|a (0.053.2)
|2 MRF
|
| 080 |
|
|
|a (076.1)
|2 MRF
|
| 245 |
0 |
0 |
|a Chytré pastelky :
|b modrá knížka : zábavné úkoly pro malé školáky /
|c [překlad Petra Martínková]
|
| 250 |
|
|
|a České vyd.
|
| 260 |
|
|
|a Havlíčkův Brod :
|b Fragment,
|c c2002
|
| 300 |
|
|
|a [64] s. :
|b barev. il. ;
|c 29 cm
|
| 490 |
1 |
|
|a Studio sovička
|
| 500 |
|
|
|a Název z obálky
|
| 521 |
|
|
|a Pro děti od 6 do 9 let
|
| 650 |
0 |
7 |
|a děti školního věku
|7 ph119714
|2 czenas
|
| 650 |
0 |
7 |
|a rozvoj myšlení
|7 ph135316
|2 czenas
|
| 655 |
|
7 |
|a publikace pro děti
|7 fd133156
|2 czenas
|
| 655 |
|
7 |
|a pracovní sešity
|7 fd133116
|2 czenas
|
| 700 |
1 |
|
|a Martínková, Petra,
|d 1973-
|7 jn20000810192
|4 trl
|
| 830 |
|
0 |
|a Studio sovička
|0 s
|
| 910 |
|
|
|a BOA001
|b 3-1101.247
|
| 990 |
|
|
|a BK
|
| 996 |
6 |
|
|b 2610159202
|c 3-1101.247
|l MZK
|r Sklad / do 1 hodiny
|n 0
|p p.v.
|w 000595978
|u 000010
|a 1
|e BOA001
|j MZK50
|s P
|